000 00812nam a2200253 i 4500
003 MX-MxUPN
005 20260423120951.0
008 260318s1973 mx||||||r|||| 000 0 spa d
040 _aMX-MxUPN
_bspa
_cMX-MxUPN
041 0 _aspa
050 1 4 _aLB1645 M62
_bC33 1973
100 1 _aCaballero Caballero, Arquímedes,
_d1918-2004
_928619
100 1 _aMartínez C., Lorenzo
_929155
100 1 _aBernárdez G., Jesús
_935864
245 1 0 _aMatemáticas :
_bsegundo curso
250 _aDécimatercera edición
260 _aMéxico, D.F.
_bEsfinge,
_c1973.
300 _a343 paginas
650 4 _aMatemáticas
_xEstudio y enseñanza (Secundaria)
_94860
650 4 _aMatemáticas
_vLibros de texto
_919875
902 _aMarielOrtiz/180326
_bVíctor Ruiz/230426
942 _2lcc
_cLIBRO
_n0
999 _c214796
_d214796